000 00863nam a22003017a 4500
003 CHAP
005 20220817042526.0
008 971013s1960 r 00010 d
010 _a47126
011 _a48098
035 _a52243
040 _cCHAP
090 _aFolleto 2486
110 _aFAO
245 _aTea
_b: trends and prospects
260 _aRoma :
_bFAO,
_c1960
300 _a84 p.
490 _aFAO. Serie sobre productos
_v; 30
590 _aBATCH-UPD
_b10
_c20130110
_lUCH01
_h2246
590 _aBATCH-UPD
_b10
_c20130410
_lUCH01
_h1540
590 _aBATCH-UPD
_b10
_c20130914
_lUCH01
_h2047
590 _aCONVERSION
_b10
_c20130109
_lUCH01
_h1326
650 1 4 _aTé
_xAspectos económicos.
_9113520
830 0 _aFAO. Serie sobre productos
_v; 30
_939695
901 _aBK
942 _cFOLL
949 _aFolleto 2486
_bBC
_cFAO
_d-116451
_eFAO1
_i52243
_si
999 _c47126
_d47126